[Event "Reykjavik op"]
[Site "Reykjavik"]
[Date "2023.04.02"]
[Round "7"]
[White "Shadrina, Eva"]
[Black "Dishman, Matthew"]
[Result "0-1"]
[WhiteElo "1563"]
[BlackElo "1896"]
[PlyCount "82"]
[EventDate "2023.03.29"]
[EventType "swiss"]
[EventRounds "9"]
[EventCountry "ISL"]
[SourceTitle "EXT 2024"]
[Source "ChessBase"]
[SourceDate "2023.10.10"]
[SourceVersion "1"]
[SourceVersionDate "2023.10.10"]
[SourceQuality "1"]

1. e4 c5 2. Nf3 e6 3. d4 cxd4 4. Nxd4 a6 5. Bd3 Nf6 6. c4 Nc6 7. Nxc6 dxc6 8. 0-0 e5 9. Nc3 Bc5 10. h3 g5 11. Kh1 g4 12. h4 Nxe4 13. Nxe4 Qxh4+ 14. Kg1 g3 15. Nxg3 Qxg3 16. Qh5 Be6 17. Be2 0-0-0 18. Qh2 Qxh2+ 19. Kxh2 Rhg8 20. g3 f5 21. a3 Rdf8 22. Be3 Bxe3 23. fxe3 Rd8 24. Rad1 Rxd1 25. Rxd1 Rd8 26. Rxd8+ Kxd8 27. b4 c5 28. Kg2 Kc7 29. Kf3 b6 30. b5 axb5 31. cxb5 Bd5+ 32. Kf2 Kd6 33. Bd1 c4 34. Ke2 Kc5 35. a4 Be4 36. Kd2 Kb4 37. Kc1 c3 38. Bc2 Bxc2 39. Kxc2 Kxa4 40. Kxc3 Kxb5 41. Kb3 Kc5 0-1

[Event "Kragero op"]
[Site "Kragero"]
[Date "2022.02.23"]
[Round "1"]
[White "Shadrina, Eva"]
[Black "Haug, Havard"]
[Result "0-1"]
[WhiteElo "1466"]
[BlackElo "1801"]
[PlyCount "50"]
[EventDate "2022.02.23"]
[EventType "swiss"]
[EventRounds "9"]
[EventCountry "NOR"]
[SourceTitle "EXT 2023"]
[Source "ChessBase"]
[SourceDate "2022.10.05"]
[SourceVersion "1"]
[SourceVersionDate "2022.10.05"]
[SourceQuality "1"]

1. e4 c5 2. Nf3 d6 3. d4 cxd4 4. Nxd4 Nf6 5. Nc3 g6 6. f3 Bg7 7. Be3 0-0 8. Qd2 Nc6 9. 0-0-0 d5 10. Nxc6 bxc6 11. exd5 cxd5 12. Nxd5 Nxd5 13. Qxd5 Qc7 14. Qc4 Qe5 15. Bd4 Qf4+ 16. Kb1 Be6 17. Qa4 Rfd8 18. c3 Bf5+ 19. Ka1 e5 20. g3 Qxf3 21. Rg1 exd4 22. Bg2 dxc3 23. Rxd8+ Rxd8 24. a3 cxb2+ 25. Ka2 Qxg2 0-1

[Event "EST-ch (Women)"]
[Site "Tallinn"]
[Date "2021.12.16"]
[Round "6"]
[White "Barkasheva, Sofia"]
[Black "Shadrina, Eva"]
[Result "0-1"]
[WhiteElo "1505"]
[BlackElo "1472"]
[PlyCount "102"]
[EventDate "2021.12.11"]
[EventType "tourn"]
[EventRounds "7"]
[EventCountry "EST"]
[SourceTitle "EXT 2023"]
[Source "ChessBase"]
[SourceDate "2022.10.05"]
[SourceVersion "1"]
[SourceVersionDate "2022.10.05"]
[SourceQuality "1"]

1. e4 c5 2. Nf3 Nc6 3. d4 cxd4 4. Nxd4 Nf6 5. Nc3 e5 6. Ndb5 d6 7. Bg5 a6 8. Na3 b5 9. Nd5 Be7 10. Bxf6 Bxf6 11. c3 0-0 12. Nc2 Bg5 13. a4 bxa4 14. Rxa4 a5 15. Bc4 Rb8 16. b3 Kh8 17. Nce3 Ne7 18. h4 Bxe3 19. Nxe3 f5 20. exf5 Bxf5 21. Nxf5 Rxf5 22. Bd5 Qb6 23. 0-0 Rbf8 24. Ra2 Qc5 25. c4 Rf4 26. Rd2 Rxh4 27. g3 Rh6 28. Kg2 Rhf6 29. Be4 Rh6 30. Qg4 Qc7 31. Rfd1 Ng8 32. Qe2 Rff6 33. Rd5 Ne7 34. Rb5 Nc6 35. Qd2 Rf8 36. Qd5 Nd4 37. Rxa5 Qd7 38. Ra2 Nxb3 39. Rb2 Nd4 40. Qb7 Qh3+ 41. Kg1 Qh2+ 42. Kf1 Qxg3 43. Ra1 Rhf6 44. Raa2 Qe3 45. f3 Nxf3 46. Rf2 Nd2+ 47. Kg1 Qxf2+ 48. Kh1 Qf1+ 49. Kh2 Rh6+ 50. Kg3 Qf2+ 51. Kg4 Qf4# 0-1

[Event "EST-ch (Women)"]
[Site "Tallinn"]
[Date "2021.12.14"]
[Round "4"]
[White "Shadrina, Eva"]
[Black "Narva, Triin"]
[Result "0-1"]
[WhiteElo "1472"]
[BlackElo "2112"]
[PlyCount "86"]
[EventDate "2021.12.11"]
[EventType "tourn"]
[EventRounds "7"]
[EventCountry "EST"]
[SourceTitle "EXT 2023"]
[Source "ChessBase"]
[SourceDate "2022.10.05"]
[SourceVersion "1"]
[SourceVersionDate "2022.10.05"]
[SourceQuality "1"]

1. e4 g6 2. d4 Bg7 3. Nc3 d6 4. Be3 Nd7 5. Qd2 a6 6. f3 b5 7. a3 e6 8. 0-0-0 Bb7 9. Nge2 Nb6 10. Ng3 d5 11. exd5 Bxd5 12. Nxd5 Qxd5 13. Kb1 Ne7 14. Bf4 0-0-0 15. Be3 Nc6 16. Bd3 f5 17. Ne2 Nxd4 18. Nxd4 Bxd4 19. Bxd4 Qxd4 20. Qa5 Qa4 21. Qxa4 Nxa4 22. Rhe1 Rhe8 23. Re5 Rd5 24. Rde1 Rxe5 25. Rxe5 Kd7 26. c4 Kd6 27. Re2 c6 28. cxb5 cxb5 29. Rd2 Kc6 30. Bc2 Nb6 31. Bb3 Re7 32. Kc2 e5 33. Re2 a5 34. Ba2 Kc5 35. Re3 e4 36. Kd2 Kd4 37. f4 Rc7 38. Bb3 a4 39. Bg8 Nc4+ 40. Bxc4 bxc4 41. Rc3 Rb7 42. Rc2 Rb3 43. g3 h5 0-1

[Event "EST-ch (Women)"]
[Site "Tallinn"]
[Date "2021.12.13"]
[Round "3"]
[White "Haapsal, Maria Ioanna"]
[Black "Shadrina, Eva"]
[Result "1-0"]
[WhiteElo "1441"]
[BlackElo "1472"]
[PlyCount "75"]
[EventDate "2021.12.11"]
[EventType "tourn"]
[EventRounds "7"]
[EventCountry "EST"]
[SourceTitle "EXT 2023"]
[Source "ChessBase"]
[SourceDate "2022.10.05"]
[SourceVersion "1"]
[SourceVersionDate "2022.10.05"]
[SourceQuality "1"]

1. e4 c5 2. Nf3 Nc6 3. d4 cxd4 4. Nxd4 Nf6 5. Nc3 e5 6. Ndb5 d6 7. Bg5 a6 8. Na3 b5 9. Bxf6 gxf6 10. Nd5 Bg7 11. c3 Ne7 12. Nc2 0-0 13. Nce3 Be6 14. Bd3 Rb8 15. 0-0 Qd7 16. Qc2 h6 17. Rfd1 Rfd8 18. Rd2 a5 19. a4 bxa4 20. Qxa4 Bxd5 21. Qxd7 Rxd7 22. Nxd5 Nc6 23. Ne3 Bf8 24. Bc4 Ra7 25. Ra4 Rd7 26. Bd5 Ne7 27. Rxa5 Nxd5 28. Nxd5 Kg7 29. b4 Rbb7 30. Rda2 Rd8 31. Ra7 Rxa7 32. Rxa7 Rb8 33. Kf1 Kg6 34. g4 Rc8 35. h4 Rc4 36. f3 Rc8 37. h5+ Kg7 38. Ke2 1-0

[Event "EST-ch (Women)"]
[Site "Tallinn"]
[Date "2021.12.12"]
[Round "2"]
[White "Shadrina, Eva"]
[Black "Sinitsina, Anastassia"]
[Result "0-1"]
[WhiteElo "1472"]
[BlackElo "2159"]
[PlyCount "46"]
[EventDate "2021.12.11"]
[EventType "tourn"]
[EventRounds "7"]
[EventCountry "EST"]
[SourceTitle "EXT 2023"]
[Source "ChessBase"]
[SourceDate "2022.10.05"]
[SourceVersion "1"]
[SourceVersionDate "2022.10.05"]
[SourceQuality "1"]

1. e4 e5 2. Nf3 Nc6 3. Bb5 a6 4. Ba4 Nf6 5. 0-0 Nxe4 6. d4 b5 7. Bb3 d5 8. dxe5 Be6 9. c3 Bc5 10. Nbd2 0-0 11. Bc2 Nxf2 12. Rxf2 f6 13. exf6 Bxf2+ 14. Kxf2 Qxf6 15. Nb3 Ne5 16. Nbd4 Bg4 17. b4 Rae8 18. Bd2 Qb6 19. Kf1 Nxf3 20. Nxf3 Rxf3+ 21. Qxf3 Bxf3 22. gxf3 Qf6 23. Bd1 Qf5 0-1

[Event "EST-ch (Women)"]
[Site "Tallinn"]
[Date "2021.12.11"]
[Round "1"]
[White "Blokhin, Sofia"]
[Black "Shadrina, Eva"]
[Result "1-0"]
[WhiteElo "2032"]
[BlackElo "1472"]
[PlyCount "89"]
[EventDate "2021.12.11"]
[EventType "tourn"]
[EventRounds "7"]
[EventCountry "EST"]
[SourceTitle "EXT 2023"]
[Source "ChessBase"]
[SourceDate "2022.10.05"]
[SourceVersion "1"]
[SourceVersionDate "2022.10.05"]
[SourceQuality "1"]

1. e4 c5 2. Nf3 Nc6 3. d4 cxd4 4. Nxd4 Nf6 5. Nc3 e5 6. Ndb5 d6 7. Nd5 Nxd5 8. exd5 Nb8 9. c4 Be7 10. Bd3 0-0 11. 0-0 a6 12. Nc3 f5 13. f3 Nd7 14. Be3 Bg5 15. Bf2 Qf6 16. Qc2 Nc5 17. Be2 b6 18. b4 Nd7 19. g3 Qg6 20. Bd3 h5 21. Kh1 Qf6 22. Rae1 a5 23. a3 axb4 24. axb4 Rb8 25. f4 Bh6 26. fxe5 Nxe5 27. Bd4 g6 28. Nb5 Re8 29. Qc3 Bg7 30. Bxe5 Rxe5 31. Qa3 Qe7 32. Rxe5 Bxe5 33. Re1 Bb7 34. Qc1 Kg7 35. Qe3 Re8 36. Qxb6 Bc8 37. Nxd6 Rd8 38. Nxc8 Rxc8 39. Qe3 Kf6 40. c5 Ra8 41. h4 Ra1 42. Bb1 Ra7 43. Qg5+ Kf7 44. Qxe7+ Rxe7 45. Ba2 1-0

[Event "Guimaraes op"]
[Site "Guimaraes"]
[Date "2021.08.25"]
[Round "2"]
[White "Shadrina, Eva"]
[Black "Machado, Carlos"]
[Result "1-0"]
[WhiteElo "1373"]
[BlackElo "1815"]
[PlyCount "87"]
[EventDate "2021.08.24"]
[EventType "swiss"]
[EventRounds "9"]
[EventCountry "POR"]
[SourceTitle "CBM 204 Extra"]
[Source "ChessBase"]
[SourceDate "2021.11.30"]
[SourceVersion "1"]
[SourceVersionDate "2021.11.30"]
[SourceQuality "1"]

1. e4 e5 2. Nf3 Nc6 3. Bb5 Nge7 4. c3 g6 5. d4 exd4 6. cxd4 Bg7 7. 0-0 0-0 8. Nc3 d6 9. Be3 h6 10. Qd2 Kh7 11. d5 Ne5 12. Nxe5 dxe5 13. Bc5 f5 14. f3 Rf6 15. Rad1 b6 16. Ba3 Bb7 17. Ne2 fxe4 18. fxe4 Rxf1+ 19. Rxf1 c6 20. Bc4 cxd5 21. exd5 Nf5 22. d6 Qh4 23. Be6 Nd4 24. Nxd4 exd4 25. Rf7 Qe4 26. Bb3 d3 27. d7 Rd8 28. Qf2 Bd5 29. Re7 Qxe7 30. Bxe7 Rxd7 31. Bxd5 Rxd5 32. Qf7 Rd7 33. Qe6 Rc7 34. Kf2 Rc2+ 35. Kf3 Rxb2 36. Qd5 d2 37. Ba3 Rxa2 38. Bb4 a5 39. Bxd2 Rb2 40. Qd7 Rb3+ 41. Ke2 h5 42. Bg5 Rb2+ 43. Kd1 Rb4 44. Bf6 1-0

[Event "EU-ch U12 Girls"]
[Site "Bratislava"]
[Date "2019.08.09"]
[Round "8"]
[White "Shadrina, Eva"]
[Black "Bargan, Victoria"]
[Result "0-1"]
[WhiteElo "1140"]
[BlackElo "1574"]
[PlyCount "99"]
[EventDate "2019.08.02"]
[EventType "swiss"]
[EventRounds "9"]
[EventCountry "SVK"]
[SourceTitle "EXT 2020"]
[Source "ChessBase"]
[SourceDate "2019.10.17"]
[SourceVersion "1"]
[SourceVersionDate "2019.10.17"]
[SourceQuality "1"]

1. e4 c6 2. d4 d5 3. Nc3 dxe4 4. Nxe4 Bf5 5. Ng3 Bg6 6. h4 h6 7. Nf3 Nd7 8. h5 Bh7 9. Bd3 Bxd3 10. Qxd3 Ngf6 11. Bd2 e6 12. 0-0-0 Be7 13. Ne4 Nxe4 14. Qxe4 Nf6 15. Qe2 Qd5 16. c4 Qe4 17. Rde1 Qxe2 18. Rxe2 Rd8 19. Bc3 0-0 20. Ne5 Bd6 21. f3 Nd7 22. Ng4 b5 23. c5 Bc7 24. Re4 f5 25. Nxh6+ gxh6 26. Rxe6 Bf4+ 27. Kc2 Rf6 28. Re2 Rff8 29. Rg1 Rde8 30. Rxe8 Rxe8 31. g4 Kf7 32. gxf5 Rg8 33. Rg6 Rxg6 34. hxg6+ Kf8 35. Kd3 Nf6 36. Ba5 Nd5 37. Bd8 Kg7 38. Ke4 Bg3 39. Kd3 h5 40. Ke2 h4 41. Kf1 Ne3+ 42. Kg1 h3 43. Bg5 h2+ 44. Kh1 Nd1 45. d5 Nf2+ 46. Kg2 h1Q+ 47. Kxg3 Qg1+ 48. Kf4 Nd3+ 49. Ke4 Qxg5 50. Kxd3 0-1

[Event "EU-ch U12 Girls"]
[Site "Bratislava"]
[Date "2019.08.06"]
[Round "5"]
[White "Dubovik, Maria"]
[Black "Shadrina, Eva"]
[Result "1-0"]
[WhiteElo "1504"]
[BlackElo "1140"]
[PlyCount "135"]
[EventDate "2019.08.02"]
[EventType "swiss"]
[EventRounds "9"]
[EventCountry "SVK"]
[SourceTitle "EXT 2020"]
[Source "ChessBase"]
[SourceDate "2019.10.17"]
[SourceVersion "1"]
[SourceVersionDate "2019.10.17"]
[SourceQuality "1"]

1. e4 c5 2. Nf3 Nc6 3. d4 cxd4 4. Nxd4 Nf6 5. Nc3 e5 6. Ndb5 d6 7. Bg5 a6 8. Na3 b5 9. Nd5 Be7 10. Nxe7 Qxe7 11. f3 0-0 12. Be2 h6 13. Bh4 Qe6 14. 0-0 Ne7 15. c4 b4 16. Nc2 a5 17. Ne3 Ng6 18. Bxf6 Qxf6 19. Nd5 Qd8 20. Qd2 Bb7 21. g3 Re8 22. Rad1 Bxd5 23. cxd5 Qb6+ 24. Kg2 Rac8 25. Rc1 Qb7 26. Bd3 Re7 27. Qe2 Rxc1 28. Rxc1 Rc7 29. Rxc7 Qxc7 30. Qc2 Qxc2+ 31. Bxc2 Ne7 32. Kf2 g5 33. Ke3 Nc8 34. Kd3 Nb6 35. b3 Kf8 36. Ke3 f6 37. f4 Ke7 38. f5 Kf7 39. Kf3 Kg7 40. Kg4 Nd7 41. Kh5 Nc5 42. Kg4 Kh7 43. Kh5 Na6 44. Kg4 Nc7 45. Bd3 Ne8 46. Bb5 Ng7 47. Kf3 Kg8 48. Ke3 Kf7 49. Kd3 g4 50. Kc4 Ke7 51. Ba6 Kd7 52. Kb5 Kc7 53. Kxa5 Nh5 54. Kxb4 Kb6 55. Be2 Ng7 56. Bxg4 Ne8 57. a4 Nc7 58. a5+ Ka7 59. Be2 Kb7 60. Ka4 Ka7 61. b4 Kb7 62. b5 Na8 63. b6 Kc8 64. Kb5 Kb8 65. a6 Kc8 66. Kc6 Kb8 67. a7+ Kc8 68. b7+ 1-0

[Event "EU-ch U12 Girls"]
[Site "Bratislava"]
[Date "2019.08.02"]
[Round "1"]
[White "Micheli, Elora"]
[Black "Shadrina, Eva"]
[Result "1-0"]
[WhiteElo "1528"]
[BlackElo "1140"]
[PlyCount "93"]
[EventDate "2019.08.02"]
[EventType "swiss"]
[EventRounds "9"]
[EventCountry "SVK"]
[SourceTitle "EXT 2020"]
[Source "ChessBase"]
[SourceDate "2019.10.17"]
[SourceVersion "1"]
[SourceVersionDate "2019.10.17"]
[SourceQuality "1"]

1. e4 c5 2. Nf3 Nc6 3. Nc3 e5 4. Bc4 Be7 5. 0-0 d6 6. Nd5 Nf6 7. Nxe7 Qxe7 8. d3 0-0 9. a3 Be6 10. Ba2 Bg4 11. c3 Rad8 12. Bg5 h6 13. Bh4 b5 14. b4 a5 15. Bd5 Rc8 16. bxc5 dxc5 17. h3 Bh5 18. Rb1 Na7 19. c4 b4 20. axb4 cxb4 21. Ra1 Rc5 22. Qe2 Qd6 23. Qe3 Bxf3 24. Qxf3 Nd7 25. Rfb1 Nc8 26. Bg3 Ncb6 27. d4 Rcc8 28. c5 Nxc5 29. Bxe5 Qe7 30. Qg3 g6 31. dxc5 Nxd5 32. exd5 Qd8 33. Bd6 Re8 34. Qf4 g5 35. Qg3 Kh7 36. f4 f6 37. Qd3+ Kg7 38. fxg5 hxg5 39. Qf5 Re3 40. h4 Ra8 41. Re1 Rxe1+ 42. Rxe1 Ra7 43. h5 Kh8 44. Qg6 Ra8 45. Re7 Qg8 46. Qxf6+ Qg7 47. Qxg7# 1-0